000
00305nam a2200121Ia 4500
008
230627s9999 xx 000 0 und d
041
_a
eng
082
_a
340
_b
RED
100
_a
Reddi
245
_a
Judicial Officers Examination Course Materaal Vol Iii
260
_b
Asia Law House
_c
2011
300
_a
400p
999
_c
679855
_d
679855